ပိုၼ်းတႆးၸဵတ်းမိူင်။ (Record no. 23439)

000 -LEADER
fixed length control field 00651nam a22001937a 4500
003 - CONTROL NUMBER IDENTIFIER
control field OSt
005 - DATE AND TIME OF LATEST TRANSACTION
control field 20260122192328.0
008 - FIXED-LENGTH DATA ELEMENTS--GENERAL INFORMATION
fixed length control field 230321b ||||| |||| 00| 0 eng d
040 ## - CATALOGING SOURCE
Transcribing agency Ost
041 ## - LANGUAGE CODE
Language code of text/sound track or separate title Shan
082 ## - DEWEY DECIMAL CLASSIFICATION NUMBER
Classification number 959.116
245 ## - TITLE STATEMENT
Title ပိုၼ်းတႆးၸဵတ်းမိူင်။
Statement of responsibility, etc. ၵေႃလိၵ်ႈလၢႆးၾိင်ႈငႄႈတႆးဝဵင်းတွင်ႇၵျီး
260 ## - PUBLICATION, DISTRIBUTION, ETC.
Date of publication, distribution, etc. 2016
300 ## - PHYSICAL DESCRIPTION
Extent 172 ၼႃႈ
Other physical details ႁၢင်ႈ (သီ)
Dimensions 21 ၸိၼ်ႇထီႇ
500 ## - GENERAL NOTE
General note S-SAT: Dr. Prof Sai Aung Tun
650 ## - SUBJECT ADDED ENTRY--TOPICAL TERM
Topical term or geographic name entry element ပိုၼ်းတႆး
942 ## - ADDED ENTRY ELEMENTS (KOHA)
Koha item type Book (Short term)
650 ## - SUBJECT ADDED ENTRY--TOPICAL TERM
9 (RLIN) 20580
Source of classification or shelving scheme
Holdings
Withdrawn status Lost status Source of classification or shelving scheme Damaged status Not for loan Collection Code Permanent Location Current Location Shelving location Date acquired Total Checkouts Full call number Barcode Date last seen Copy number Price effective from Koha item type Accession
            Shan State Buddhist University Library Shan State Buddhist University Library Special Collection Shelves 21/03/2023   959.116 ပိုၼ်း ႒႓႖႑(1) S-SAT SH00002361 21/03/2023 1 21/03/2023 Book (Short term) ႒႓႖႑(1) S-SAT
            Shan State Buddhist University Library Shan State Buddhist University Library Special Collection Shelves 21/03/2023   959.116 ပိုၼ်း ႒႓႖႒(2) S-SAT SH00002362 21/03/2023 2 21/03/2023 Book (Short term) ႒႓႖႒(2) S-SAT

Library - 09407999929
Admin Office - 09407999979
Dean Office - 09250910768
Registrar Office - 09892297154
Email - [email protected]
Shan State Buddhist University, Phaya Phyu Taunggyi, Shan State, Myanmar.